Financovanie neziskových organizácií bakalárska práca

Saved in:
Bibliographic Details
Main Author: Gelčinská, Zuzana
Corporate Author: Fakulta podnikového manažmentu EU. Katedra podnikovohospodárska
Other Authors: Bukovová, Sylvia, 1959-
Format: Book
Language:Slovak
Published: Bratislava 2011
Tags: Add Tag
No Tags, Be the first to tag this record!

MARC

LEADER 00000nbm a2200000 4500
001 0131682
005 20161109111422.8
041 0 |a slo 
044 |a SK 
245 1 0 |a Financovanie neziskových organizácií  |b bakalárska práca  |c Zuzana Gelčinská ; školiteľ: Sylvia Bukovová 
264 1 |a Bratislava  |c 2011 
300 |a 39 s. 
100 1 |a Gelčinská, Zuzana 
700 1 |a Bukovová, Sylvia, 1959- 
710 2 |a Fakulta podnikového manažmentu EU. Katedra podnikovohospodárska